All Nations Represented in the 2024/25 La Liga - Statistics

General Stats
  • This quiz has been taken 27 times
    22 since last reset
  • The average score is 41 of 59
Answer Stats
Hint Answer % Correct
21 Argentina
100%
15 Brazil
100%
9 Portugal
100%
3 England
94%
18 France
94%
11 Morocco
94%
287 Spain
94%
2 Germany
88%
2 Norway
88%
2 Poland
88%
1 Russia
88%
6 Belgium
82%
5 Colombia
82%
1 Italy
82%
5 Netherlands
82%
6 Serbia
82%
2 Sweden
82%
3 Ukraine
82%
10 Uruguay
82%
2 Albania
76%
5 Croatia
76%
1 Paraguay
76%
2 Scotland
76%
5 Senegal
76%
2 Slovakia
76%
1 Slovenia
76%
4 Switzerland
76%
3 Türkiye
76%
2 Austria
71%
3 Cameroon
71%
3 Canada
71%
2 Côte d'Ivoire
71%
3 Czechia
71%
1 Democratic Republic of The Congo
71%
1 Denmark
71%
3 Ghana
71%
3 Guinea
71%
2 Japan
71%
4 Nigeria
71%
1 Peru
71%
1 Hungary
65%
1 South Korea
65%
1 Kosovo
59%
1 Romania
59%
1 United States of America
59%
2 Venezuela
59%
1 Angola
53%
2 Equatorial Guinea
53%
1 Georgia
53%
1 Iceland
53%
1 Togo
53%
1 Dominican Republic
47%
1 North Macedonia
47%
2 Mali
41%
1 Estonia
35%
1 Andorra
29%
2 Cape Verde
29%
1 Suriname
24%
1 Guadalupe
12%
No matching quizzes found
Score Distribution
Percent of People with Each Score
Percentile by Number Answered
Your Score History
You have not taken this quiz since the last reset